000 00789nam a22002177a 4500
005 20140812162213.0
010 _aB-495861-866 ENG-110505
020 _a9789381226070
_c950.00
035 _aB-495861-866
035 _aEN-94037
037 _adpl
_bAllied Pub/Ven
037 _bDBAD/PUB
082 _a636.0887
100 _aAmita Ranjan
245 _aA handbook of pet care and management /
_cby Amita Ranjan
260 _aDelhi
_bSatish Serial Publishing House
_c2012
270 _a403, Express Tower, Commercial Complex, Azadpur
_bDelhi
_e110033
300 _aviii,169p. :
_c24cm(Hb)
_bcol.ill.
942 _2ddc
_cEN
_h636.0887
_mAMI
999 _c82431
_d82431